000 00424nam a22001217a 4500
008 230612b xxu||||| |||| 00| 0 eng d
082 _a354.676
_bGOK
100 _cGOK
245 _aThe Appropriation Accounts and Other Public Accounts Details Excluding Accounts of the Funds of the Republic of Kenya for the Year 2008/2009
_bAppendix 4
_cVotes 40-60
260 _aNairobi, Kenya
_bGOK
_c2009
300 _a566p
942 _2ddc
_cBK
999 _c1096
_d1096